Dictionnaire de marine (Record no. 113777)
[ view plain ]
| 000 -LEADER | |
|---|---|
| campo de control de longitud fija | 01261nam a2200265 i 4500 |
| 001 - NÚMERO DE CONTROL | |
| campo de control | 113777 |
| 003 - IDENTIFICADOR DE NÚMERO DE CONTROL | |
| campo de control | ES-MaACL |
| 005 - FECHA Y HORA DE LA ÚLTIMA TRANSACCIÓN | |
| campo de control | 20250405234350.0 |
| 007 - CAMPO FIJO DE DESCRIPCIÓN FÍSICA--INFORMACIÓN GENERAL | |
| campo de control de longitud fija | t| |
| 008 - DATOS DE LONGITUD FIJA--INFORMACIÓN GENERAL | |
| campo de control de longitud fija | 061121s1908 fr r ||||1| fre d |
| 100 1# - ENTRADA PRINCIPAL--NOMBRE DE PERSONA | |
| Nombre de persona | Paasch, Heinrich. |
| 9 (RLIN) | 88082 |
| 245 10 - MENCIÓN DEL TÍTULO | |
| Título | Dictionnaire de marine |
| Resto del título | : anglais-français-allemand-espagnol-italien / |
| Mención de responsabilidad, etc. | Capt. Paasch. |
| 250 ## - MENCION DE EDICION | |
| Mención de edición | 4e éd. revisée et completée pour les parties anglaise et française par... Pièrre Challamel, pour la langue allemande par... F.E. Matthiesen &... August Budde... traduction espagnole par... P. Montojo... traduction italienne par Giusseppe Romairone... |
| 260 ## - PUBLICACIÓN, DISTRIBUCIÓN, ETC. | |
| Lugar de publicación, distribución, etc. | Paris : |
| Nombre del editor, distribuidor, etc. | Challamel, |
| Fecha de publicación, distribución, etc. | 1908. |
| 300 ## - DESCRIPCIÓN FÍSICA | |
| Extensión | 603, 109, CLXXXV p. : |
| Otras características físicas | il ; |
| Dimensiones | 23 cm apais. |
| 594 ## - Nota al título y mención de responsabilidad | |
| Nota al título y mención de responsabilidad | Precede al tít.: From keell to truck . De la quille á la pomme du mat . Vom kiel zum flaggenknopp. De quilla a perilla. Dalla chiglia al pomo dell'albero. |
| 650 #4 - PUNTO DE ACCESO ADICIONAL DE MATERIA--TÉRMINO DE MATERIA | |
| Término de materia o nombre geográfico como elemento de entrada | Navegación- |
| Subdivisión de forma | Diccionarios políglotas. |
| 9 (RLIN) | 154848 |
| 700 1# - ENTRADA AGREGADA--NOMBRE PERSONAL | |
| Nombre de persona | Montojo, Patricio, |
| Fechas asociadas al nombre | 1839-1917 |
| 9 (RLIN) | 82670 |
| 700 1# - ENTRADA AGREGADA--NOMBRE PERSONAL | |
| Nombre de persona | Challamel, Pierre. |
| 9 (RLIN) | 154849 |
| 700 1# - ENTRADA AGREGADA--NOMBRE PERSONAL | |
| Nombre de persona | Matthiesen, F.-E. |
| 9 (RLIN) | 154850 |
| 700 1# - ENTRADA AGREGADA--NOMBRE PERSONAL | |
| Nombre de persona | Budde, August. |
| 9 (RLIN) | 154851 |
| 700 1# - ENTRADA AGREGADA--NOMBRE PERSONAL | |
| Nombre de persona | Romairone, Giuseppe. |
| 9 (RLIN) | 154852 |
| 852 4# - LOCALIZACIÓN | |
| Ubicación | ES-MaACL |
| Número de control de estantería | G-6083 |
| Nota libre | - Enc. edit. |
| Estatus retirado | Estado de pérdida | Estado de daño | No para préstamo | Biblioteca de origen | Biblioteca actual | Ubicación en estantería | Fecha de adquisición | Fuente de adquisición | Total de préstamos | Signatura topográfica completa | Código de barras | Visto por última vez | Precio de reemplazo | Tipo de ítem Koha |
|---|---|---|---|---|---|---|---|---|---|---|---|---|---|---|
| Biblioteca del Ateneo de Madrid | Biblioteca del Ateneo de Madrid | Depósito 2 | 17/01/2008 | G-6083 | 1118660 | 23/02/2023 | 23/02/2023 | Libro impreso |
